| 000 | 00443nam a22001457a 4500 | ||
|---|---|---|---|
| 020 | _a978-1-4075-0342-4 | ||
| 082 |
_a823 _bGRA/H |
||
| 100 | _aN.B.GRACE | ||
| 245 |
_aHIGH SCHOOL MUSICAL _bBATTLE OF THE BANDS |
||
| 260 |
_aUNITED KINGDOM _bPARRAGON _c2007 |
||
| 300 | _a142 | ||
| 520 | _aBASED ON THE DISNEY CHANNEL ORIGINAL MOVIE HIGH SCHOOL MUSICAL WRITTEN BY PETER BARSOCCHINI | ||
| 650 |
_aSTORIES FROM EAST HIGH #1 _zUNITED KINGDOM |
||
| 942 | _cBK | ||
| 999 |
_c4 _d4 |
||